| 000 | 00409nam a2200157Ia 4500 | ||
|---|---|---|---|
| 008 | 231217s9999 xx 000 0 und d | ||
| 041 | _aEnglish | ||
| 082 | _a001.5 GAL | ||
| 100 | _aGalliers, Robert Ed. | ||
| 245 | 0 | _aInformation analysis: Selected readings | |
| 250 | _a1st ed. | ||
| 260 |
_c1987 _bNew York : Addison-Wesley, |
||
| 300 | _axix+444 | ||
| 650 | _aInformation analysis | ||
| 942 | _cAA | ||
| 999 |
_c160658 _d160658 |
||